Baldi’s Basics Character Quiz - Statistics

General Stats
  • This quiz has been taken 277 times
  • The average score is 7 of 10
Answer Stats
Answer % Correct
Baldi
100%
Playtime
93%
It’s a Bully
92%
Principal of the Thing
90%
Arts and Crafters
78%
1st Prize
76%
Gotta Sweep
76%
Null
66%
Cloudy Copter
41%
Joe
20%
No matching quizzes found
Score Distribution
Percent of People with Each Score
Percentile by Number Answered
Your Score History
You have not taken this quiz